Nina Nolte (Record no. 1181)

MARC details
000 -LEADER
campo de control de longitud fija 00909nam a22002297a 4500
008 - DATOS DE LONGITUD FIJA--INFORMACIÓN GENERAL
campo de control de longitud fija 170506s1998 sp||||| |||| 00| 0 spa d
082 04 - NÚMERO DE LA CLASIFICACIÓN DECIMAL DEWEY
Número de clasificación 708
Número de ítem N798i
100 1# - ENTRADA PRINCIPAL--NOMBRE DE PERSONA
Nombre de persona Nolte, Nina.
9 (RLIN) 5790
245 10 - MENCIÓN DEL TÍTULO
Título Nina Nolte
250 ## - MENCION DE EDICION
Mención de edición 1a ed.
260 ## - PUBLICACIÓN, DISTRIBUCIÓN, ETC.
Lugar de publicación, distribución, etc. Málaga, España :
Nombre del editor, distribuidor, etc. Diputación de Málaga Área de Cultura y Educación,
Fecha de publicación, distribución, etc. 1998.
300 ## - DESCRIPCIÓN FÍSICA
Extensión 53 p.
500 ## - NOTA GENERAL
Nota general Catálogo publicado con motivo a la exposición "Nina Nolte", presentada de febrero a junio de 1998 en los municipios: -Fuengirola, del 24 de febrero al 9 de marzo -Antequera, del 15 de abril al 6 de mayo, -Pizarra, del 13 al 29 de mayo -Casabermeja, del 4 al 25 de junio.
653 10 - TÉRMINO DE INDIZACIÓN--NO CONTROLADO
Término no controlado Arte contemporáneo
653 10 - TÉRMINO DE INDIZACIÓN--NO CONTROLADO
Término no controlado Catálogo de exhibición
653 10 - TÉRMINO DE INDIZACIÓN--NO CONTROLADO
Término no controlado Exhibición itinerante
653 10 - TÉRMINO DE INDIZACIÓN--NO CONTROLADO
Término no controlado Arte - Salvador
653 10 - TÉRMINO DE INDIZACIÓN--NO CONTROLADO
Término no controlado Arte - España
653 10 - TÉRMINO DE INDIZACIÓN--NO CONTROLADO
Término no controlado Artistas salvadoreñas
653 10 - TÉRMINO DE INDIZACIÓN--NO CONTROLADO
Término no controlado Pintura acrílica
653 10 - TÉRMINO DE INDIZACIÓN--NO CONTROLADO
Término no controlado Pintores
Holdings
Estatus retirado Estado de pérdida Fuente del sistema de clasificación o colocación Estado de daño No para préstamo Biblioteca de origen Biblioteca actual Ubicación en estantería Fecha de adquisición Total de préstamos Signatura topográfica completa Código de barras Visto por última vez Precio de reemplazo Tipo de ítem Koha
    Clasificación Decimal Dewey     Biblioteca LadoV Biblioteca LadoV   06/05/2017   708 N798i 001090 06/05/2017 06/05/2017 Material 01